00541nam a2200169Ia 4500008004100000020001800041082002600059245001700085250001000102260002800112300001100140440001300151500003800164650004700202952010500249999001700354120622s9999 xx 000 0 und d a970-06-0001-7 a647.94 H828h v.2 1991 aHospedaje II a2a ed aMéxico : SEP, CONALEP a244 p. aCédula aIncluye glosario y bibliografía a1. HOTELES \ 2. ADMINISTRACION HOTELERAÌ 00102lcc4070a22b22d2007-01-25l0o647.94 H828H V.2 1991p01 002950r2023-07-20w2012-06-24yLB c58556d58556